00426nam a22001457a 450000500170000000800410001702000180005804100120007608200140008810000130010224500630011526000470017830000290022565000260025420231115123345.0231115b |||||||| |||| 00| 0 eng d a9780702153846 aEnglish a344.1 PUB lEnglish  aPublic Service Law Handbook / cJUTA AND COMPANY (PTY0 LTD aCape Town : bJuta and Company Ltd, c2000 bv, 302 pages ; c27 cm.  aLegal practice bLaw